Normal view
MARC view
- Gómez Torres, Ana Hilda
Entry Nombre Personal
001 - NUMERO DE CONTROL
- campo de control: 48641
003 - IDENTIFICADOR DE NUMERO DE CONTROL
- campo de control: DLC
005 - FECHA Y HORA DE LA ÜLTIMA TRANSACCIÓN
- campo de control: 20230417161354.0
008 - DATOS DE LONGITUD FIJA
- campo de control de longitud fija: 170209n| azannaabn || aaa c
010 ## - NÚMERO DE CONTROL DE LA BIBLIOTECA DEL CONGRESO
- Número de control LC: no2017017441
035 ## - NUMERO DE CONTROL
- Número de control: (OCoLC)oca10703672
040 ## - FUENTE DE CATALOGACIÓN
- Agencia original de catalogación: NcD
- Lenguaje de catalogación: spa
- Description conventions: rda
- Agencia de transcripción: NcD
- Agencia que lo modifica: MX-MxUPN
100 1# - ENCABEZAMIENTO - NOMBRE PERSONAL
- Nombre personal: Gómez Torres, Ana Hilda
670 ## - FUENTE EN LA QUE SE LOCALIZARON DATOS
- Cita de la fuente: Educación, 2015:
- Información localizada: portada (Ana Hilda Gómez Torres)
670 ## - FUENTE EN LA QUE SE LOCALIZARON DATOS
- Cita de la fuente: Educación : las paradojas de un sistema excluyente : Encuesta Nacional de Educación, 2015.
- Información localizada: portada (Ana Hilda Gómez Torres)
902 ## - CATALOGADOR
- Catalogador: Víctor Ruiz/170423
